| 000 | 01016cam a2200361Ia 4500 | ||
|---|---|---|---|
| 020 | _a0021749108 (v. 1) | ||
| 020 | _a0021749205 (v. 2) | ||
| 020 | _a0021749302 (v. 3) | ||
| 020 | _a002174940X (v. 4) | ||
| 020 | _a0021749507 (v. 5) | ||
| 020 | _a0021748004 (v. 6) | ||
| 020 | _a0021748101 (v. 7) | ||
| 020 | _a0021748209 (v. 8) | ||
| 020 | _a0021780501 (v. 9) | ||
| 020 | _a0021748403 (v. 10) | ||
| 020 | _a0021748500 (v. 11) | ||
| 020 | _a0021748608 (v. 12) | ||
| 020 | _a0021748705 (v. 13) | ||
| 020 | _a0021748802 (v. 14) | ||
| 020 | _a002174890X (v. 15) | ||
| 020 | _a0021749000 (v. 16) | ||
| 040 | _cIAF | ||
| 082 | _a372 MAC 1989 A010 Or. | ||
| 100 | 1 | _aArnold, Virginia A | |
| 245 | 1 | 0 | _aMacmillan reading program : connections / |
| 260 |
_aNew York : _bMacmillan, _c1989 |
||
| 300 |
_a16 v. : _bill. ; _c29 cm |
||
| 650 | 0 | _aReading (Elementary) | |
| 650 | 0 | _aReaders (Elementary) | |
| 700 | 1 | _aSmith, Carl Bernard | |
| 710 | 2 | _aMacmillan Publishing Company | |
| 942 | _cEK | ||
| 999 |
_c13804 _d13804 |
||